000 00375nam a2200133Ia 4500
003 GCL
008 140319s9999 xx 000 0 ara d
040 _aGCL /
_cGCL
082 0 4 _a811.009
_bم ق
100 1 _aمدحت الجيار
245 1 0 _aقصيدة المنفى: دراسة فى شعر رواد الاحياء /
_cمدحت الجيار
300 _a212 ص
490 _a
999 _c37932
_d37932